000 01628nam a22002057a 4500
008 251002b |||||||| |||| 00| 0 eng d
020 _a9798988913016
040 _ctbs
041 _aeng
050 _aHF5415.1265
100 _aGotch, Nathan
_925968
_eauthor
245 _aThe SEO entrepreneur
_b: start a successful SEO business and turn your entrepreneurial dreams to reality
_c/ Nathan Gotch.
260 _a[Place of publication not identified] :
_b[Publisher not identified],
_c2023.
300 _a341 pages :
_billustrations ;
_c22 cm.
520 _aAre you ready to take the first step into Search Engine Optimization (SEO) and build a business that empowers brands to succeed online? The SEO Entrepreneur is the ultimate guide for launching a profitable SEO business. Packed with hands-on strategies and expert insights, this paperback offers a complete blueprint to become the SEO professional people trust—whether you aim to make a name locally, nationally, or beyond. Why The SEO Entrepreneur Stands Out: While many books cover the basics of SEO, The SEO Entrepreneur goes beyond, offering a practical, real-world guide for entrepreneurs who want to build a successful business with SEO as the core. This isn’t just an “SEO for beginners” book—it’s a step-by-step guide designed to transform your SEO skills into a thriving agency that clients rely on. With this book, you’ll learn to grow a client base and revenue streams using proven organic SEO techniques.
650 0 _aWeb search engines
_97488
650 0 _aWeb site development
_97487
650 0 _aInternet marketing
_91133
942 _2lcc
999 _c4988
_d4988